Сборник научных трудов по прикладной ботанике, генетике и селекции. Т. 103: Проблемы селекции кормовых культур и исходный материал (Запись № 4399787)

Подробности
000 -МАРКЕР
контрольное поле 02039nam2a22003371 4500
001 - ИДЕНТИФИКАТОР ЗАПИСИ
контрольное поле RU\NLR\INFOCOMM15\1000170317
005 - ИДЕНТИФИКАТОР ВЕРСИИ
контрольное поле 20260408170317.0
035 ## - ДРУГИЕ СИСТЕМНЫЕ НОМЕРА
Идентификатор записи (NLR Aleph) 002322273
100 ## - ДАННЫЕ ОБЩЕЙ ОБРАБОТКИ
Данные общей обработки 20041014d1986 |||y0rusy50 ca
101 0# - ЯЗЫК РЕСУРСА
Язык текста, звукозаписи и т.д. русский
Язык резюме английский
102 ## - СТРАНА ПУБЛИКАЦИИ ИЛИ ПРОИЗВОДСТВА
Страна публикации Российская Федерация
105 ## - ПОЛЕ КОДИРОВАННЫХ ДАННЫХ: ТЕКСТОВЫЕ МАТЕРИАЛЫ, МОНОГРАФИЧЕСКИЕ
Кодированные данные о монографическом текстовом документе a z||||||||
200 1# - ЗАГЛАВИЕ И СВЕДЕНИЯ ОБ ОТВЕТСТВЕННОСТИ
Основное заглавие Проблемы селекции кормовых культур и исходный материал
Сведения, относящиеся к заглавию [сборник статей]
Первые сведения об ответственности ответственные редакторы: доктор сельскохозяйственных наук, профессор А.И. Иванов, доктор сельскохозяйственных наук В.И. Буренин
210 ## - ПУБЛИКАЦИЯ, РАСПРОСТРАНЕНИЕ И ДР.
Место издания, распространения и т.д. Ленинград
Имя издателя, распространителя и т. д. ВИР
Дата издания, распространения и т.д. 1986
215 ## - ФИЗИЧЕСКАЯ ХАРАКТЕРИСТИКА
Специфическое обозначение материала и объем 114 с.
Другие сведения о физической характеристике ил.
Размеры 26
300 ## - ОБЩИЕ ПРИМЕЧАНИЯ
Текст примечания Резюме на англ. яз.
320 ## - ПРИМЕЧАНИЯ О НАЛИЧИИ В ДОКУМЕНТЕ БИБЛИОГРАФИИ / УКАЗАТЕЛЯ
Текст примечания Библиогр. в конце статей
461 #0 - УРОВЕНЬ НАБОРА
Встроенное поле 001RU\NLR\INFOCOMM15\1000169973
-- 2001#$aСборник научных трудов по прикладной ботанике, генетике и селекции$fВАСХНИЛ, ВНИИ растениеводства им. Н.И.Вавилова$vТ. 103
Системный номер (АБИС) связанной записи 4398326
Место публикации Л.
Дата публикации 1908 - 1993
Первые сведения об ответственности ВАСХНИЛ, ВНИИ растениеводства им. Н.И.Вавилова
Имя издателя, распространителя и т.д. ВИР
Заглавие Сборник научных трудов по прикладной ботанике, генетике и селекции
ISSN 0372-0586
Номер тома Т. 103
606 ## - НАИМЕНОВАНИЕ ТЕМЫ КАК ПРЕДМЕТ
Наименование темы Кормовые растения
Формальный подзаголовок Сборники
Тематический подзаголовок Селекция
Системный номер авторитетной/нормативной записи 1373424
Идентификатор авторитетной/нормативной записи RU\NLR\AUTH\66575634
686 1# - ИНДЕКСЫ ДРУГИХ КЛАССИФИКАЦИЙ
Индекс П22-3я43
686 1# - ИНДЕКСЫ ДРУГИХ КЛАССИФИКАЦИЙ
Индекс П210.1я43
702 #1 - ИМЯ ЛИЦА - ВТОРИЧНАЯ ОТВЕТСТВЕННОСТЬ
Код отношения Редактор
Графика поля Кириллица
Материалы, к которым относится поле rus
Начальный элемент ввода Иванов
Часть имени, кроме начального элемента ввода А. И.
Дополнения к именам, кроме дат д-р с.-х. наук, растениеводство
Даты 1934-1988
Расширение инициалов личного имени Александр Иванович
Системный номер авторитетной/нормативной записи 261994
Идентификатор авторитетной/нормативной записи RU\NLR\AUTH\770262050
702 #1 - ИМЯ ЛИЦА - ВТОРИЧНАЯ ОТВЕТСТВЕННОСТЬ
Начальный элемент ввода Буренин
Часть имени, кроме начального элемента ввода В. И.
Расширение инициалов личного имени Валентин Иванович
801 #1 - ИСТОЧНИК ЗАПИСИ
Страна Российская Федерация
Организация InfoComm
Дата составления 20041014
801 #0 - ИСТОЧНИК ЗАПИСИ
Страна Российская Федерация
Организация NLR
Правила каталогизации PSBO
852 ## - МЕСТОНАХОЖДЕНИЕ И ШИФР ХРАНЕНИЯ
Идентификатор организации NLR
Шифр хранения (Call Number) П7/397
942 ## - ДОПОЛНИТЕЛЬНЫЕ ЭЛЕМЕНТЫ ЗАПИСИ (АБИС)
Тип экземпляра АБИС Выпуск
980 ## - КОЛЛЕКЦИЯ
Название коллекции Национальная библиография
980 ## - КОЛЛЕКЦИЯ
Название коллекции Русская периодика

Нет доступных экземпляров.